Normal view
MARC view
- Nigeria
Entry Geographic Name
001 - CONTROL NUMBER
- control field: 118316
003 - CONTROL NUMBER IDENTIFIER
- control field: NUST
005 - DATE AND TIME OF LATEST TRANSACTION
- control field: 20231003154833.0
008 - FIXED-LENGTH DATA ELEMENTS
- fixed length control field: 231003|| aca||aabn | a|a d
040 ## - CATALOGING SOURCE
- Original cataloging agency: NUST
- Transcribing agency: NUST
151 ## - HEADING--GEOGRAPHIC NAME
- Geographic name: Nigeria
670 ## - SOURCE DATA FOUND
- Source citation: Work cat.: (NUST)4851: Achebe, Chinua. 72287, Things fall apart/, 2007.
